00356nam a2200145Ia 4500008004100000082001700041100001400058245003000072250000800102260002900110300001200139500002600151650001600177700001700193230524s9999 xx 000 0 und d a621.382bMEH aV.K.Mehta 0aPrinciples of Electronics a1ST aNEW DELHIbS.Chandc2005 aXVI;619 aQuantity Number: 188 aElectronics a Rohit Mehta